[Event "LLO 2017/18"]
[Site "Mecklenburg-Vorpommern"]
[Date "2018.04.22"]
[Round "9.5"]
[White "Schmekel, Matthias"]
[Black "Nour, Alaa"]
[Result "1-0"]
[WhiteElo "1638"]
[BlackElo "1614"]
[PlyCount "57"]
[EventDate "2017.??.??"]
[EventType "team-tourn"]
[EventRounds "9"]
[SourceDate "2017.10.08"]
[WhiteTeam "SAV Torgelow II"]
[BlackTeam "SSC Rostock II"]

1. e4 e5 2. Nf3 Nc6 3. d4 exd4 4. Nxd4 d5 5. Bb5 Bd7 6. exd5 Nxd4 7. Bxd7+ Qxd7
8. Qxd4 Nf6 9. c4 Be7 10. Nc3 O-O 11. Bg5 Rfe8 12. O-O-O Ng4 13. Bxe7 Rxe7 14.
h3 Nf6 15. g4 Rae8 16. Qxa7 b6 17. d6 cxd6 18. Qxb6 Ne4 19. Nxe4 Rxe4 20. b3
R4e6 21. Rd5 Qe7 22. Rhd1 Qf6 23. Qd4 Qh6+ 24. g5 Qxh3 25. Rxd6 Re4 26. Qxe4
Qc3+ 27. Kb1 Rf8 28. Rd8 Qa5 29. Qe7 1-0

[Event "LLO 2017/18"]
[Site "Mecklenburg-Vorpommern"]
[Date "2018.04.22"]
[Round "9.6"]
[White "Birkholz, Karl Lukas"]
[Black "Schmidt, Paul"]
[Result "1/2-1/2"]
[WhiteElo "1639"]
[BlackElo "1590"]
[PlyCount "49"]
[EventDate "2017.??.??"]
[EventType "team-tourn"]
[EventRounds "9"]
[SourceDate "2017.10.08"]
[WhiteTeam "SSC Rostock II"]
[BlackTeam "SAV Torgelow II"]

1. e4 c5 2. Nf3 d6 3. Bb5+ Nd7 4. c3 a6 5. Ba4 Ngf6 6. d3 b5 7. Bc2 Bb7 8. O-O
e6 9. Bg5 Be7 10. a4 O-O 11. axb5 axb5 12. Rxa8 Bxa8 13. Nbd2 Ng4 14. Bxe7 Qxe7
15. h3 Nh6 16. d4 f5 17. dxc5 Nxc5 18. Qb1 Qb7 19. exf5 Nxf5 20. Bxf5 Rxf5 21.
b4 Na4 22. Qb3 Rf6 23. Re1 d5 24. Nd4 Qb6 25. N2f3 1/2-1/2

[Event "LLO 2017/18"]
[Site "Mecklenburg-Vorpommern"]
[Date "2018.04.22"]
[Round "9.7"]
[White "Greinert, Timo"]
[Black "Onila, Ionut"]
[Result "1-0"]
[WhiteElo "1780"]
[BlackElo "1205"]
[PlyCount "55"]
[EventDate "2017.??.??"]
[EventType "team-tourn"]
[EventRounds "9"]
[SourceDate "2017.10.08"]
[WhiteTeam "SAV Torgelow II"]
[BlackTeam "SSC Rostock II"]

1. c4 Nf6 2. Nc3 c6 3. d4 d5 4. cxd5 cxd5 5. Bf4 g6 6. e3 Bg7 7. Bxb8 Rxb8 8.
Qa4+ Bd7 9. Qxa7 O-O 10. Qa3 Re8 11. Nf3 Bc6 12. b4 b6 13. Ne5 Bd7 14. Nxd7
Nxd7 15. Nxd5 e5 16. dxe5 Nxe5 17. Rd1 Qg5 18. Nf4 Ng4 19. Be2 Ra8 20. Qb3 Rec8
21. O-O Rc3 22. Qd5 Be5 23. Qxa8+ Kg7 24. Bxg4 Qxg4 25. Qf3 Qh4 26. g3 Qh6 27.
Rd7 Rc6 28. Ne6+ 1-0

[Event "LLO 2017/18"]
[Site "Mecklenburg-Vorpommern"]
[Date "2018.04.22"]
[Round "9.8"]
[White "Kimura, Jonas Minoru"]
[Black "Plock, Joerg"]
[Result "1-0"]
[WhiteElo "1362"]
[BlackElo "1558"]
[PlyCount "97"]
[EventDate "2017.??.??"]
[EventType "team-tourn"]
[EventRounds "9"]
[SourceDate "2017.10.08"]
[WhiteTeam "SSC Rostock II"]
[BlackTeam "SAV Torgelow II"]

1. d4 d5 2. Nf3 e6 3. b3 Nf6 4. Bb2 Be7 5. e3 O-O 6. Bd3 Bd7 7. Ne5 Be8 8. Nd2
Nc6 9. a3 Nxe5 10. dxe5 Nd7 11. f4 c5 12. O-O a6 13. Rc1 b5 14. c4 Nb6 15. Rf3
f5 16. Rh3 dxc4 17. Bb1 cxb3 18. Nxb3 Nc4 19. Qc2 Bg6 20. Rd1 Qc7 21. Bc3 Nxa3
22. Ba5 Qc6 23. Qa2 Nc4 24. Bd3 Nxe3 25. Rxe3 c4 26. Nd4 Qc5 27. Be2 Bf7 28.
Kh1 Rfe8 29. Rc3 Bd8 30. Bf3 Rb8 31. Rcc1 Bxa5 32. Qxa5 Qb6 33. Nc6 Qxa5 34.
Nxa5 Red8 35. Nc6 Rxd1+ 36. Rxd1 Re8 37. Na5 c3 38. Bb7 c2 39. Rc1 Rd8 40. Bf3
Rc8 41. Nc6 Rc7 42. Rxc2 h6 43. Ra2 Be8 44. Rxa6 Bxc6 45. Rxc6 Rxc6 46. Bxc6 b4
47. Ba4 Kf8 48. Bb3 Ke7 49. Kg1 1-0

[Event "LLO 2017/18"]
[Site "Mecklenburg-Vorpommern"]
[Date "2018.04.22"]
[Round "9.1"]
[White "Kohn, Thomas"]
[Black "Alder, Bodo"]
[Result "0-1"]
[WhiteElo "1841"]
[BlackElo "1844"]
[PlyCount "78"]
[EventDate "2017.??.??"]
[EventType "team-tourn"]
[EventRounds "9"]
[SourceDate "2017.10.08"]
[WhiteTeam "FHSG Stralsund II"]
[BlackTeam "Seehotel Binz"]

1. Nf3 Nf6 2. d4 d5 3. c4 e6 4. Nc3 c6 5. e3 Nbd7 6. Bd3 Be7 7. O-O dxc4 8.
Bxc4 b5 9. Bd3 Bb7 10. b3 a6 11. Bb2 c5 12. Qe2 Qb6 13. Rac1 Rc8 14. Rfd1 O-O
15. dxc5 Nxc5 16. Bc2 Rfd8 17. b4 Na4 18. Nxa4 bxa4 19. Bd4 Qxb4 20. Rb1 Bxf3
21. gxf3 Qa5 22. f4 g6 23. Bd3 Rb8 24. Bxa6 Nd5 25. Bd3 a3 26. Rdc1 Rxb1 27.
Rxb1 Nxf4 28. Qc2 Qg5+ 29. Kf1 Qg2+ 30. Ke1 Qg1+ 31. Bf1 Nd5 32. Qc4 Qxh2 33.
Rb7 Qd6 34. f4 Bh4+ 35. Ke2 Nxf4+ 36. Kf3 Nd5 37. Qb5 Qg3+ 38. Ke2 Qf2+ 39. Kd1
Nc3+ 0-1

[Event "LLO 2017/18"]
[Site "Mecklenburg-Vorpommern"]
[Date "2018.04.22"]
[Round "9.2"]
[White "Ertel, Wolfhard"]
[Black "Klepin, Wilfried"]
[Result "1-0"]
[WhiteElo "1838"]
[BlackElo "1818"]
[PlyCount "81"]
[EventDate "2017.??.??"]
[EventType "team-tourn"]
[EventRounds "9"]
[SourceDate "2017.10.08"]
[WhiteTeam "Seehotel Binz"]
[BlackTeam "FHSG Stralsund II"]

1. e4 d5 2. exd5 Nf6 3. Nc3 c6 4. dxc6 Nxc6 5. Nf3 e5 6. d3 Bc5 7. Be2 Bf5 8.
O-O h6 9. Nd2 a6 10. Nde4 Bxe4 11. Nxe4 Nxe4 12. dxe4 Qb6 13. c3 Rd8 14. Qb3
Qc7 15. Qc4 Na5 16. Qa4+ b5 17. Qc2 Nc6 18. a4 b4 19. Bxa6 O-O 20. Bb5 Qb6 21.
Qe2 Na5 22. cxb4 Bxb4 23. Be3 Bc5 24. Bxc5 Qxc5 25. Rfd1 Rd4 26. Rac1 Qb4 27.
Rxd4 exd4 28. g3 Rd8 29. e5 Nb3 30. Rc4 Qe7 31. Qd1 Qxe5 32. Qxb3 Qe1+ 33. Kg2
d3 34. Rf4 d2 35. Qxf7+ Kh8 36. Bd3 Qf1+ 37. Bxf1 d1=Q 38. Re4 Qd2 39. Re8+
Rxe8 40. Qxe8+ Kh7 41. Bc4 1-0

[Event "LLO 2017/18"]
[Site "Mecklenburg-Vorpommern"]
[Date "2018.04.22"]
[Round "9.4"]
[White "Horch, Helmut"]
[Black "Jabbusch, Burkhard"]
[Result "1-0"]
[WhiteElo "1733"]
[BlackElo "1641"]
[PlyCount "78"]
[EventDate "2017.??.??"]
[EventType "team-tourn"]
[EventRounds "9"]
[SourceDate "2017.10.08"]
[WhiteTeam "Seehotel Binz"]
[BlackTeam "FHSG Stralsund II"]

1. d4 d5 2. e3 f5 3. Nf3 Nf6 4. Bd3 e6 5. O-O Bd6 6. Nbd2 O-O 7. c4 c6 8. b3
Nbd7 9. Bb2 Ne4 10. Ne5 Qf6 11. Ndf3 Qh6 12. Qe2 Rf6 13. Bxe4 fxe4 14. Nd2 Rf8
15. f3 exf3 16. Rxf3 Rxf3 17. Ndxf3 Nxe5 18. dxe5 Be7 19. e4 dxc4 20. Qxc4 Bd7
21. Rd1 b5 22. Qc2 Be8 23. Bd4 a5 24. Bc5 Bd8 25. Nd4 Qg6 26. Rf1 h6 27. Kh1
Bc7 28. Bd6 Bb6 29. Nxc6 Qg5 30. Nb8 Kh7 31. Qc8 Qd8 32. Qxd8 Bxd8 33. Rf8 Bg6
34. Rxd8 Bxe4 35. Be7 Bb1 36. a3 Bc2 37. Nc6 Rxd8 38. Bxd8 Bxb3 39. Nd4 Bc4 1-0

[Event "LLO 2017/18"]
[Site "Mecklenburg-Vorpommern"]
[Date "2018.04.22"]
[Round "9.5"]
[White "Sparr, Andreas"]
[Black "Oergel, Ullrich"]
[Result "1-0"]
[WhiteElo "1595"]
[BlackElo "1733"]
[PlyCount "83"]
[EventDate "2017.??.??"]
[EventType "team-tourn"]
[EventRounds "9"]
[SourceDate "2017.10.08"]
[WhiteTeam "FHSG Stralsund II"]
[BlackTeam "Seehotel Binz"]

1. e4 e5 2. Nf3 Nf6 3. Nc3 d6 4. h3 Be7 5. Bc4 O-O 6. d3 a5 7. a3 c6 8. Bd2
Nbd7 9. O-O Nc5 10. Be3 Ne6 11. Ne2 b5 12. Ba2 Qc7 13. Ng3 d5 14. exd5 cxd5 15.
Qc1 g6 16. Re1 e4 17. dxe4 dxe4 18. Nd2 Bb7 19. c3 Nc5 20. Bxc5 Bxc5 21. Ndf1
Qe5 22. Ne3 Rfe8 23. Qc2 Re7 24. Rad1 a4 25. Kh1 h5 26. Qe2 Bc6 27. Ngf1 Kg7
28. Qd2 Rd7 29. Qe2 Rad8 30. Kg1 Nh7 31. Rxd7 Rxd7 32. Rd1 Rd6 33. Rxd6 Qxd6
34. Ng3 f5 35. Ngxf5+ gxf5 36. Nxf5+ Kf6 37. Nxd6 Bxd6 38. Qxh5 Nf8 39. Qf7+
Ke5 40. g4 Bc5 41. Qf5+ Kd6 42. Qxf8+ 1-0

[Event "LLO 2017/18"]
[Site "Mecklenburg-Vorpommern"]
[Date "2018.04.22"]
[Round "9.6"]
[White "Strack Goertsches, Hans Juergen"]
[Black "Klinger, Clemens"]
[Result "1-0"]
[WhiteElo "1731"]
[BlackElo "1582"]
[PlyCount "69"]
[EventDate "2017.??.??"]
[EventType "team-tourn"]
[EventRounds "9"]
[SourceDate "2017.10.08"]
[WhiteTeam "Seehotel Binz"]
[BlackTeam "FHSG Stralsund II"]

1. e4 c5 2. c3 d5 3. e5 Nc6 4. f4 Bf5 5. d3 e6 6. Be2 d4 7. Nf3 Nge7 8. c4 h6
9. Na3 a6 10. Nc2 b5 11. b3 Bh7 12. O-O Ng6 13. Bd2 Be7 14. g3 O-O 15. Nfe1 Qc7
16. Bf3 Rae8 17. Qe2 f6 18. Qg2 Nd8 19. exf6 Rxf6 20. Be4 Ref8 21. h4 Bd6 22.
h5 Ne7 23. Bxh7+ Kxh7 24. Qe4+ Kh8 25. Ng2 e5 26. Rae1 Qc6 27. Qxc6 Ndxc6 28.
Re4 g6 29. hxg6 Rxg6 30. Kh2 Nf5 31. Rf3 Rfg8 32. Be1 exf4 33. Nxf4 Nxg3 34.
Bxg3 Rxg3 35. Rxg3 1-0

[Event "LLO 2017/18"]
[Site "Mecklenburg-Vorpommern"]
[Date "2018.04.22"]
[Round "9.7"]
[White "Vlach, Michael"]
[Black "Schleef, Roberto"]
[Result "1-0"]
[WhiteElo "1558"]
[BlackElo "1604"]
[PlyCount "55"]
[EventDate "2017.??.??"]
[EventType "team-tourn"]
[EventRounds "9"]
[SourceDate "2017.10.08"]
[WhiteTeam "FHSG Stralsund II"]
[BlackTeam "Seehotel Binz"]

1. d4 e6 2. c4 d5 3. Nc3 Nf6 4. Bg5 h6 5. Bh4 Be7 6. e3 c6 7. Nf3 Nh5 8. Bxe7
Qxe7 9. Ne5 Nf6 10. Qb3 O-O 11. Be2 Nbd7 12. Nxd7 Bxd7 13. O-O a6 14. Rfd1 b5
15. cxd5 exd5 16. a3 Bg4 17. Qc2 Rac8 18. b4 Rfe8 19. h3 Bd7 20. Rac1 g6 21.
Bd3 Ne4 22. Bxe4 dxe4 23. Ne2 Qg5 24. Nf4 Kh7 25. g3 h5 26. Qc5 f5 27. Qd6 Re7
28. h4 1-0

[Event "LLO 2017/18"]
[Site "Mecklenburg-Vorpommern"]
[Date "2018.04.22"]
[Round "9.8"]
[White "Koesterke, Klaus"]
[Black "Isigkeit, Hans Juergen"]
[Result "1/2-1/2"]
[WhiteElo "1488"]
[BlackElo "1540"]
[PlyCount "66"]
[EventDate "2017.??.??"]
[EventType "team-tourn"]
[EventRounds "9"]
[SourceDate "2017.10.08"]
[WhiteTeam "Seehotel Binz"]
[BlackTeam "FHSG Stralsund II"]

1. e4 c5 2. Nf3 Nc6 3. c3 g6 4. d4 cxd4 5. cxd4 Bg7 6. Be3 e6 7. Nc3 Nge7 8.
Be2 O-O 9. O-O a6 10. Qd2 b5 11. a3 Qc7 12. Bh6 Na5 13. Bxg7 Kxg7 14. Qd1 Bb7
15. Rc1 Qd8 16. b4 Nc4 17. Bxc4 bxc4 18. Qe2 d5 19. e5 a5 20. b5 Qb6 21. g4 Bc8
22. Qe3 Bd7 23. a4 Rae8 24. Qf4 f6 25. exf6+ Rxf6 26. Qe5 Qb8 27. Qxb8 Rxb8 28.
Ne5 Rd8 29. f4 Bc8 30. Rb1 Bb7 31. Rb2 h6 32. Rbf2 Nc8 33. h4 Nb6 1/2-1/2

[Event "LLO 2017/18"]
[Site "Mecklenburg-Vorpommern"]
[Date "2018.04.22"]
[Round "9.1"]
[White "Leisner, Ekkehardt"]
[Black "Luethke, Hans Eckart"]
[Result "0-1"]
[WhiteElo "1779"]
[BlackElo "2091"]
[PlyCount "74"]
[EventDate "2017.??.??"]
[EventType "team-tourn"]
[EventRounds "9"]
[SourceDate "2017.10.08"]
[WhiteTeam "SG Neubrandenburg II"]
[BlackTeam "SSC Graal-Mueritz"]

1. c4 e6 2. Nf3 d5 3. e3 Nf6 4. Be2 dxc4 5. Bxc4 Be7 6. O-O O-O 7. d4 a6 8. a3
b5 9. Bd3 c5 10. dxc5 Bxc5 11. Qe2 Bb7 12. b4 Be7 13. Bb2 Nc6 14. Nbd2 Qb6 15.
Nb3 Nd5 16. Rfc1 Rad8 17. Nfd4 Nxd4 18. Bxd4 Qd6 19. Nc5 Bc8 20. Qb2 f6 21. Qb3
Kh8 22. a4 e5 23. Bb2 Nc7 24. axb5 Nxb5 25. Bf1 Qb6 26. Rc2 Rd6 27. Rac1 Bf5
28. Bd3 Rfd8 29. e4 Bxe4 30. Rd1 Bd5 31. Qa4 Bf7 32. Rcc1 Bh5 33. h3 Bxd1 34.
Rxd1 Rd5 35. Be2 Rxd1+ 36. Bxd1 Bxc5 37. bxc5 Qxc5 0-1

[Event "LLO 2017/18"]
[Site "Mecklenburg-Vorpommern"]
[Date "2018.04.22"]
[Round "9.5"]
[White "Buenz, Heinrich"]
[Black "Micheel, Peter"]
[Result "1-0"]
[WhiteElo "1671"]
[BlackElo "1665"]
[PlyCount "138"]
[EventDate "2017.??.??"]
[EventType "team-tourn"]
[EventRounds "9"]
[SourceDate "2017.10.08"]
[WhiteTeam "SG Neubrandenburg II"]
[BlackTeam "SSC Graal-Mueritz"]

1. Nf3 d5 2. c4 e6 3. g3 dxc4 4. Qa4+ Bd7 5. Qxc4 Bc6 6. Bg2 Nf6 7. O-O Bd6 8.
d3 O-O 9. e4 Nbd7 10. Nbd2 Nb6 11. Qc2 e5 12. b3 Re8 13. Bb2 Bd7 14. d4 exd4
15. Nxd4 c5 16. N4f3 Bf8 17. Rad1 Qe7 18. Rfe1 Rac8 19. Nh4 Be6 20. Nf5 Bxf5
21. exf5 Qc7 22. Bxf6 gxf6 23. Re4 Rxe4 24. Qxe4 Rd8 25. Qg4+ Bg7 26. Bf3 Qe5
27. Kg2 Rd4 28. Ne4 Nd5 29. Rxd4 cxd4 30. Nd2 b5 31. Bxd5 Qxd5+ 32. Qe4 Qd7 33.
f4 Bf8 34. Qd3 Bc5 35. Ne4 Be7 36. Kf3 Kg7 37. g4 Qd5 38. h4 h6 39. Ke2 Bd8 40.
Qf3 Qc6 41. Qd3 Qd5 42. Kf3 a5 43. Kg3 Be7 44. Nc3 Qh1 45. Qxd4 Qe1+ 46. Kg2
Qxh4 47. Qd1 Bb4 48. Nxb5 Be1 49. Qf3 Bb4 50. Qg3 Qxg3+ 51. Kxg3 Kf8 52. Nc7
Bd2 53. Nd5 Kg7 54. Kh4 Be1+ 55. Kh5 Bd2 56. Kh4 Be1+ 57. Kh3 Bf2 58. b4 axb4
59. Nxb4 Bc5 60. Nd5 Bd4 61. a4 Kf8 62. Kh4 Ke8 63. Kh5 Kd7 64. Kxh6 Kd6 65.
Nb4 Kc5 66. Nc2 Bc3 67. Kg7 Kb6 68. Kxf7 Ka5 69. g5 Kxa4 1-0

[Event "LLO 2017/18"]
[Site "Mecklenburg-Vorpommern"]
[Date "2018.04.22"]
[Round "9.6"]
[White "Kraemer, Lothar"]
[Black "Sommer, Hans Hermann"]
[Result "0-1"]
[WhiteElo "1165"]
[BlackElo "1713"]
[PlyCount "94"]
[EventDate "2017.??.??"]
[EventType "team-tourn"]
[EventRounds "9"]
[SourceDate "2017.10.08"]
[WhiteTeam "SSC Graal-Mueritz"]
[BlackTeam "SG Neubrandenburg II"]

1. e4 e5 2. Nf3 Nc6 3. Bc4 Nf6 4. Nc3 Be7 5. O-O O-O 6. a3 d6 7. d3 Bg4 8. Be3
Na5 9. Ba2 c5 10. Re1 Nc6 11. Nd5 Nd4 12. Nxf6+ Bxf6 13. Bxd4 cxd4 14. h3 Bd7
15. Rc1 Rc8 16. c3 dxc3 17. bxc3 Qa5 18. Qb3 b5 19. Rc2 Be6 20. Qb4 Qxb4 21.
axb4 Bxa2 22. Rxa2 Rxc3 23. Rd1 Rb3 24. Rxa7 Rxb4 25. Ne1 Bd8 26. Rb7 Rb2 27.
Nf3 Bf6 28. Rc7 h6 29. Rdc1 Rd8 30. R1c2 Rxc2 31. Rxc2 d5 32. Rc5 dxe4 33. dxe4
Rb8 34. Nxe5 Bxe5 35. Rxe5 b4 36. Rd5 b3 37. Rd1 b2 38. Rb1 Kf8 39. Kf1 Ke7 40.
Ke2 Kd6 41. f3 Ke5 42. Kd3 Kf4 43. Kc3 Kg3 44. Rxb2 Rxb2 45. Kxb2 Kxg2 46. f4
Kf3 47. Kc3 Kxe4 0-1

[Event "LLO 2017/18"]
[Site "Mecklenburg-Vorpommern"]
[Date "2018.04.22"]
[Round "9.7"]
[White "Lange, Ingo"]
[Black "Vorbeck, Gert"]
[Result "1/2-1/2"]
[WhiteElo "1726"]
[BlackElo "1015"]
[PlyCount "29"]
[EventDate "2017.??.??"]
[EventType "team-tourn"]
[EventRounds "9"]
[SourceDate "2017.10.08"]
[WhiteTeam "SG Neubrandenburg II"]
[BlackTeam "SSC Graal-Mueritz"]

1. d4 d5 2. Nf3 Bf5 3. Bf4 e6 4. e3 Bb4+ 5. c3 Ba5 6. Bd3 Ne7 7. Qc2 O-O 8. O-O
Nbc6 9. Nbd2 a6 10. a3 Qd7 11. c4 Bxd3 12. Qxd3 Ng6 13. Bg3 Bxd2 14. Nxd2 Nce7
15. h3 1/2-1/2

[Event "LLO 2017/18"]
[Site "Mecklenburg-Vorpommern"]
[Date "2018.04.22"]
[Round "9.1"]
[White "Lange, Jannis"]
[Black "Voelschow, Siegfried"]
[Result "1-0"]
[WhiteElo "1904"]
[BlackElo "1874"]
[PlyCount "45"]
[EventDate "2017.??.??"]
[EventType "team-tourn"]
[EventRounds "9"]
[SourceDate "2017.10.08"]
[WhiteTeam "SV Motor Wolgast"]
[BlackTeam "Waterkant Saal"]

1. e4 d5 2. exd5 Qxd5 3. Nc3 Qa5 4. d4 c6 5. Bc4 Nf6 6. Bd2 Bf5 7. Nd5 Qd8 8.
Nxf6+ gxf6 9. Nf3 Nd7 10. Bb3 Bg7 11. Qe2 O-O 12. O-O-O a5 13. a4 e5 14. h4 Qe7
15. h5 h6 16. Nh4 Be6 17. Qf3 Kh8 18. Ng6+ fxg6 19. hxg6 Bxb3 20. Bxh6 Bd5 21.
Bxg7+ Kg8 22. Rh8+ Kxg7 23. Rh7+ 1-0

[Event "LLO 2017/18"]
[Site "Mecklenburg-Vorpommern"]
[Date "2018.04.22"]
[Round "9.2"]
[White "Schwarz, Eckhard"]
[Black "Reinke, Thomas"]
[Result "1/2-1/2"]
[WhiteElo "1844"]
[BlackElo "1919"]
[PlyCount "44"]
[EventDate "2017.??.??"]
[EventType "team-tourn"]
[EventRounds "9"]
[SourceDate "2017.10.08"]
[WhiteTeam "Waterkant Saal"]
[BlackTeam "SV Motor Wolgast"]

1. Nf3 f5 2. d4 Nf6 3. c3 g6 4. d5 d6 5. e3 Bg7 6. b3 O-O 7. Bb2 h6 8. Be2 e5
9. dxe6 Bxe6 10. Nd4 Bf7 11. c4 Nbd7 12. O-O Qe7 13. Nd2 Nc5 14. Bf3 Rab8 15.
Qc2 Rfe8 16. g3 a6 17. Rad1 Nce4 18. Rfe1 Nxd2 19. Qxd2 Ne4 20. Qc2 h5 21. h4
Rbd8 22. Ne2 Bxb2 1/2-1/2

[Event "LLO 2017/18"]
[Site "Mecklenburg-Vorpommern"]
[Date "2018.04.22"]
[Round "9.3"]
[White "Haenjes, Frank"]
[Black "Wiese, Frank"]
[Result "1/2-1/2"]
[WhiteElo "1887"]
[BlackElo "1903"]
[Annotator "FW"]
[PlyCount "94"]
[EventDate "2017.??.??"]
[EventType "team-tourn"]
[EventRounds "9"]
[SourceDate "2017.10.08"]
[WhiteTeam "SV Motor Wolgast"]
[BlackTeam "Waterkant Saal"]

1. e4 c6 2. d4 d5 3. exd5 cxd5 4. c4 Nf6 5. Nc3 Nc6 6. Be3 g6 7. Nf3 Bg7 8. h3
O-O 9. Be2 a6 10. a3 dxc4 11. Bxc4 b5 12. Ba2 Bb7 13. O-O e6 14. Qd2 Ne7 15.
Ne5 Nf5 16. Rad1 Nd5 17. Qe2 Nfxe3 $2 (17... Ndxe3 18. fxe3 Ng3) 18. fxe3 Nxc3
19. bxc3 Bxe5 20. dxe5 Qc7 21. c4 Qxe5 22. Rd4 Rad8 23. Qf2 Rxd4 24. exd4 Qd6
25. c5 Qd7 26. Qf6 Qd8 27. Qe5 Qb8 28. Qf6 Qg3 29. Rf2 Qe3 30. Kh2 Qe4 31. Bb3
Bd5 32. Bc2 Qe3 33. h4 Qh6 34. a4 Qg7 35. Qf4 Ra8 36. axb5 axb5 37. Bd3 b4 38.
Bb5 Qf8 39. Bd7 Qe7 40. c6 b3 41. Kh3 f6 (41... b2 $1 42. Rf1 (42. Rxb2 $2 Qa3+
) 42... Ra1 43. c7 Bb7 $19) 42. g3 e5 43. dxe5 Be6+ 44. Kh2 Ra2 45. exf6 Rxf2+
46. Qxf2 Qd6 47. Bxe6+ $4 (47. Qf4 $3 $18) 47... Qxe6 1/2-1/2

[Event "LLO 2017/18"]
[Site "Mecklenburg-Vorpommern"]
[Date "2018.04.22"]
[Round "9.4"]
[White "Onasch, Gunnar"]
[Black "Riebort, Frank"]
[Result "1-0"]
[WhiteElo "1804"]
[BlackElo "1883"]
[PlyCount "111"]
[EventDate "2017.??.??"]
[EventType "team-tourn"]
[EventRounds "9"]
[SourceDate "2017.10.08"]
[WhiteTeam "Waterkant Saal"]
[BlackTeam "SV Motor Wolgast"]

1. d4 Nf6 2. c4 g6 3. Nc3 Bg7 4. e4 d6 5. f3 O-O 6. Be3 Nc6 7. Nge2 e5 8. d5
Ne7 9. Qd2 c5 10. Nc1 a6 11. Be2 Ne8 12. O-O f5 13. a3 Nf6 14. b4 b6 15. Nd3
Bd7 16. Rfb1 fxe4 17. fxe4 Rb8 18. bxc5 bxc5 19. Rxb8 Qxb8 20. Rb1 Qa7 21. Qb2
Bg4 22. Bxg4 Nxg4 23. Bg5 h6 24. Bd2 Ra8 25. a4 Nf6 26. a5 Nd7 27. Qb7 Kf7 28.
Na4 Nc8 29. Qc6 Rb8 30. Rxb8 Ne7 31. Qb7 Qxb8 32. Qxd7 Qb1+ 33. Ne1 Qxe4 34.
Nf3 Qxc4 35. Nb6 Qd3 36. Nc8 e4 37. Qe6+ Kf8 38. Qxe7+ Kg8 39. Qe6+ Kh7 40.
Ng5+ hxg5 41. Qh3+ Qxh3 42. gxh3 Be5 43. Bxg5 c4 44. Kf2 c3 45. Ke2 Kg7 46. Ne7
Bf6 47. Bxf6+ Kxf6 48. Nc6 Kf5 49. Ke3 g5 50. Nb4 Ke5 51. Nxa6 Kxd5 52. Nb4+
Kc4 53. a6 Kxb4 54. a7 c2 55. Kd2 Kc4 56. a8=Q 1-0

[Event "LLO 2017/18"]
[Site "Mecklenburg-Vorpommern"]
[Date "2018.04.22"]
[Round "9.5"]
[White "Klotzsche, Stefan"]
[Black "Richter, Frank"]
[Result "0-1"]
[WhiteElo "1751"]
[BlackElo "1711"]
[PlyCount "84"]
[EventDate "2017.??.??"]
[EventType "team-tourn"]
[EventRounds "9"]
[SourceDate "2017.10.08"]
[WhiteTeam "SV Motor Wolgast"]
[BlackTeam "Waterkant Saal"]

1. c4 c5 2. Nc3 Nc6 3. Nf3 g6 4. g3 Bg7 5. Bg2 e6 6. O-O Nge7 7. Rb1 O-O 8. a3
d5 9. cxd5 exd5 10. Qc2 Be6 11. b4 cxb4 12. axb4 Rc8 13. Qa4 d4 14. Ne4 b6 15.
d3 Nd5 16. b5 Na5 17. Bd2 Nc3 18. Nxc3 dxc3 19. Be3 c2 20. Rb4 Bc3 21. Rh4 Qe7
22. Bc1 Bb3 23. Qf4 Bf6 24. Rh3 Be6 25. Rxh7 Kxh7 26. Qh6+ Kg8 27. Ng5 Bxg5 28.
Bxg5 f6 29. Qxg6+ Qg7 30. Qe4 Rfe8 31. Bc1 Nb3 32. Qh4 Nxc1 33. Rxc1 Qg5 34.
Qxg5+ fxg5 35. Bc6 Bb3 36. Bxe8 Rxe8 37. e3 Re5 38. Kf1 Rxb5 39. Ke2 Ba4 40. d4
Rb1 41. Kd2 g4 42. e4 Kf7 0-1

[Event "LLO 2017/18"]
[Site "Mecklenburg-Vorpommern"]
[Date "2018.04.22"]
[Round "9.6"]
[White "Nickel, Reimo"]
[Black "Rosin, Ralf"]
[Result "1/2-1/2"]
[WhiteElo "1693"]
[BlackElo "1722"]
[PlyCount "27"]
[EventDate "2017.??.??"]
[EventType "team-tourn"]
[EventRounds "9"]
[SourceDate "2017.10.08"]
[WhiteTeam "Waterkant Saal"]
[BlackTeam "SV Motor Wolgast"]

1. d4 e6 2. Nf3 f5 3. Bg5 Be7 4. Bxe7 Qxe7 5. c3 Nf6 6. Nbd2 d5 7. e3 O-O 8.
Ne5 Nbd7 9. Ndf3 Nxe5 10. Nxe5 Nd7 11. Nf3 Nf6 12. Ne5 Nd7 13. Nf3 Nf6 14. Ne5
1/2-1/2

[Event "LLO 2017/18"]
[Site "Mecklenburg-Vorpommern"]
[Date "2018.04.22"]
[Round "9.7"]
[White "Schellner, Ulf"]
[Black "Ehmann, Roland"]
[Result "1/2-1/2"]
[WhiteElo "1614"]
[BlackElo "1599"]
[PlyCount "58"]
[EventDate "2017.??.??"]
[EventType "team-tourn"]
[EventRounds "9"]
[SourceDate "2017.10.08"]
[WhiteTeam "SV Motor Wolgast"]
[BlackTeam "Waterkant Saal"]

1. d4 d5 2. c4 c6 3. Nf3 e6 4. Nc3 f5 5. Bf4 Nf6 6. h3 Bd6 7. Bxd6 Qxd6 8. e3
Nbd7 9. Bd3 Ne4 10. Qc2 O-O 11. O-O a5 12. Rac1 h6 13. Ne2 g5 14. Ne1 Ndf6 15.
f3 Ng3 16. Nxg3 Qxg3 17. Qf2 Qxf2+ 18. Rxf2 Bd7 19. Be2 Be8 20. Nd3 Nd7 21. g3
Bg6 22. f4 Kg7 23. c5 Nf6 24. Ne5 Ne4 25. Rg2 Be8 26. Kh2 h5 27. Bd3 g4 28. h4
Nf6 29. Rc3 Nd7 1/2-1/2

[Event "LLO 2017/18"]
[Site "Mecklenburg-Vorpommern"]
[Date "2018.04.22"]
[Round "9.8"]
[White "Hiltner, Harald"]
[Black "Reimer, Karl"]
[Result "1/2-1/2"]
[WhiteElo "1489"]
[BlackElo "1611"]
[PlyCount "21"]
[EventDate "2017.??.??"]
[EventType "team-tourn"]
[EventRounds "9"]
[SourceDate "2017.10.08"]
[WhiteTeam "Waterkant Saal"]
[BlackTeam "SV Motor Wolgast"]

1. e4 c5 2. Nf3 Nc6 3. Nc3 d6 4. Be2 Nf6 5. O-O e5 6. d3 Be7 7. Bg5 O-O 8. Bxf6
Bxf6 9. Nd5 Be6 10. Nxf6+ Qxf6 11. c4 1/2-1/2